| 000 | nam a22 7a 4500 | ||
|---|---|---|---|
| 999 |
_c331402 _d331402 |
||
| 003 | NUST | ||
| 005 | 20170926162007.0 | ||
| 008 | 170926b xxu||||| |||| 00| 0 eng d | ||
| 040 | _cNUST | ||
| 082 | _a351 | ||
| 100 |
_aMinhas,Afifa, Mujtaba,Ahmed, Malik,Muhammad Talha, Tariq,Nauman, Bilal,Muhammad, & H,Shahmeer ul _95022 |
||
| 245 | _aMeasuring the efficiency of parliamentarians of Pakistan | ||
| 260 |
_aIslamabad _c2016 |
||
| 300 | _a82p | ||
| 942 |
_2ddc _cTH |
||